| 000 | 00655cam a22002413a 4500 | ||
|---|---|---|---|
| 001 | 41042 | ||
| 003 | PGUSA | ||
| 005 | 20140828083925.0 | ||
| 008 | 121013s2012||||xxu|||||s|||||000 | eng d | ||
| 040 |
_aPGUSA _beng |
||
| 042 | _adc | ||
| 100 | 1 | _aMaimon, Solomon | |
| 245 | 1 | 0 |
_aSolomon Maimon : _bAn Autobiography. _h[electronic resource] / _cSolomon Maimon |
| 260 |
_bProject Gutenberg, _c2012 |
||
| 506 | _aPublic domain in the USA. | ||
| 516 | _aElectronic text | ||
| 700 | 1 | _aLL.D. | |
| 700 | 1 | _aMurray, J. Clark | |
| 700 | 1 | _aF.R.S.C. | |
| 830 | 0 |
_aProject Gutenberg _v41042 |
|
| 856 | 4 | 0 | _uhttp://www.gutenberg.org/ebooks/41042 |
| 942 | _cEB | ||
| 999 |
_c270294 _d270294 |
||